|
|
|
|
| LEADER |
00000nam a2200000 a 4500 |
| 001 |
vtls010455936 |
| 003 |
SK-MaSNL |
| 005 |
20260301132842.0 |
| 008 |
121003s2009 rb ao f 000 0 slo |
| 015 |
|
|
|a SNBZSA2013-001289
|
| 020 |
|
|
|a (brož.)
|
| 040 |
|
|
|a SNK
|b slo
|c SNK
|e AACR2
|
| 041 |
0 |
|
|a slo
|a ser
|
| 044 |
|
|
|a rb
|c RS
|
| 072 |
|
7 |
|a 656.8
|x Poštové služby a správa
|2 konspekt
|
| 080 |
|
|
|a 656.835.11
|2 2001
|
| 080 |
|
|
|a (497.11)
|2 2001
|
| 080 |
|
|
|a (083.824)
|2 2001
|
| 111 |
2 |
|
|a Medzinárodná výstava poštových známok
|n (5. :
|d 2009 :
|c Báčsky Petrovec, Srbsko)
|9 484289
|
| 245 |
1 |
0 |
|a V. medzinárodná výstava poštových známok
|b Báčsky Petrovec 7.-8. augusta 2009
|c [autor katalógu: Pavel Lomiansky]
|
| 246 |
1 |
1 |
|a V Međunarodna filatelistička izložba
|
| 260 |
|
|
|a Báčsky Petrovec
|b Matica slovenská v Juhoslávii
|b Spolok filatelistov
|c 2009
|
| 300 |
|
|
|a 1. zlož. l. ([6] s.)
|b fotogr., ilustr.
|c 21 cm
|
| 366 |
|
|
|e 1000 výt.
|
| 546 |
|
|
|a Súbež. názov a text slovensky a srbsky
|
| 650 |
0 |
7 |
|a poštové známky
|2 SNKPH
|9 51141
|
| 650 |
0 |
7 |
|a Postage stamps
|2 SNKPHeng
|9 331724
|
| 651 |
|
7 |
|a Srbsko
|2 SNKPH
|9 31535
|
| 651 |
|
7 |
|a Serbia
|2 SNKPHeng
|9 270902
|
| 655 |
|
7 |
|a katalógy výstav
|2 SNKPH
|9 70445
|
| 655 |
|
7 |
|a Exhibition catalogs
|2 SNKPHeng
|9 266232
|
| 700 |
1 |
|
|a Lomiansky, Pavel
|9 62346
|
| 958 |
|
|
|a ZS
|
| 958 |
|
|
|a SK
|
| 999 |
|
|
|c 752149
|d 754079
|
| 952 |
|
|
|a SNK
|b SNK
|y PREZ
|7 0
|p 17A1050777
|o snkOSC 26193
|i snk2012/19653
|8 1
|0 0
|1 0
|4 0
|d 2012-10-04
|l 0
|r 2026-02-23 23:36:31
|w 2026-02-23
|